000 00716nam a22002057a 4500
999 _c1292
_d1292
003 AR-CdUCM
008 190226b ||||| |||| 00| 0 spa d
020 _a9506940266
040 _aMUNICIPALIDAD PROVINCIAL DEL CUSCO
_cBIBLIOTECA MUNICIPAL DEL CUSCO
082 _a336 /
_bW22
100 _aWaltz, Kenneth N.
_94987
245 _aTeoría de la política internacional /
260 _aArgentina :
_bGel ,
_c1988.
300 _a336 páginas ;
_c26 cm.
440 _aEstudios Internacionales
_94988
505 _aLeyes y teorías -- Teorías reduccionistas -- Enfoques y teorías sistémicos -- Teorías reduccionistas.
650 _aTeorías de política.
_94989
942 _2ddc
_cLIBROS
945 _awfj
_d2019-02-26